000 00602nam a22002297a 4500
003 UA-OsUOA
001 94624
007 ta
008 20130214b un ||||| |||| 00| 0 ukr d
100 _aБазен Е.
090 _a821.133.1
_bБ17
942 _cBK
040 _aUA-OsUOA
_bukr
_cUA-OsUOA
_dUA-OsUOA
245 _aІ вогонь пожирає вогонь
_bроман
300 _a175 с.
955 _a3
041 _aukr
080 _a821.133.1
260 _aК.
_bДніпро
_c1983
650 7 _a82 Література. Літературознавство
_2UDC
999 _c380874
_d380874